Quinnipiac Basketball: Top 10 All-Time Leaders - Statistics

General Stats
  • This quiz has been taken 2 times
    1 since last reset
  • The average score is 17 of 90
Answer Stats
Category # Player Amount % Correct
Points 10 Cameron Young 1,350
100%
Three Pointers Made 10 Cameron Young 168
100%
Field Goal Percent 7 Cameron Young 45.0%
100%
Points Per Game 1 Cameron Young 19.3
100%
Rebounds 4 Kevin Marfo 902
100%
Blocks 9 Kevin Marfo 71
100%
Points 2 Matt Balanc 1,721
100%
Rebounds 10 Matt Balanc 557
100%
Steals 8 Matt Balanc 99
100%
Three Pointers Made 4 Matt Balanc 239
100%
Field Goal Percent 10 Matt Balanc 42.1%
100%
Games 2 Matt Balanc 144
100%
Assists 5 Rich Kelly 407
100%
Three Pointers Made 7 Rich Kelly 196
100%
Points Per Game 6 Rich Kelly 13.6
100%
Assists 4 Savion Lewis 427
100%
Steals 6 Savion Lewis 109
100%
Rebounds 5 Abdulai Bundu 686
0%
Games T7 Abdulai Bundu 124
0%
Points Per Game 10 Adam Gonzalez 12.9
0%
Points 7 Bill Romano 1,449
0%
Rebounds 7 Bill Romano 580
0%
Field Goal Percent 3 Bill Romano 49.5%
0%
Points Per Game 7 Bill Romano 13.5
0%
Blocks 2 Chaise Daniels 150
0%
Rebounds 8 C.J. Vick 577
0%
Blocks 3 C.J. Vick 107
0%
Three Pointers Made 9 Craig Benson 174
0%
Assists 7 Darien Johnson 340
0%
Steals 9 Dave Johnson 94
0%
Games T7 Dave Johnson 124
0%
Steals 10 DeMario Anderson 93
0%
Field Goal Percent 6 DeMario Anderson 47.3%
0%
Points Per Game 2 DeMario Anderson 18.6
0%
Blocks 7 Donovan Smith 83
0%
Assists 9 Evan Conti 228
0%
Games 10 Evan Conti 121
0%
Points 5 Ike Azotam 1,603
0%
Rebounds 2 Ike Azotam 1,043
0%
Blocks 5 Ike Azotam 99
0%
Field Goal Percent 2 Ike Azotam 50.6%
0%
Games 5 Ike Azotam 126
0%
Points 8 Jacob Rigoni 1,431
0%
Rebounds 9 Jacob Rigoni 568
0%
Three Pointers Made 1 Jacob Rigoni 319
0%
Games 1 Jacob Rigoni 147
0%
Blocks 4 Jamee Jackson 100
0%
Steals 4 James Feldeine 124
0%
Field Goal Percent 9 James Feldeine 42.3%
0%
Points 1 James Johnson 1,731
0%
Assists 2 James Johnson 479
0%
Steals 2 James Johnson 185
0%
Three Pointers Made 5 James Johnson 218
0%
Points Per Game 5 James Johnson 13.6
0%
Games 4 James Johnson 127
0%
Assists 6 Jared Grasso 404
0%
Three Pointers Made 6 Jared Grasso 216
0%
Points 6 Justin Rutty 1,521
0%
Rebounds 3 Justin Rutty 1,032
0%
Blocks 8 Justin Rutty 80
0%
Field Goal Percent 1 Justin Rutty 56.2%
0%
Points Per Game 8 Justin Rutty 13.1
0%
Assists 3 Kason Mims 453
0%
Steals 1 Kason Mims 189
0%
Assists 8 Nate Pondexter 295
0%
Steals 5 Nate Pondexter 115
0%
Points Per Game 4 Nate Pondexter 15.2
0%
Points 9 Ousmane Drame 1,363
0%
Rebounds 1 Ousmane Drame 1,108
0%
Blocks 1 Ousmane Drame 217
0%
Field Goal Percent 5 Ousmane Drame 48.6%
0%
Games 9 Ousmane Drame 123
0%
Field Goal Percent 4 Rashaun Banjo 49.2%
0%
Points 3 Rob Monroe 1,685
0%
Assists 1 Rob Monroe 541
0%
Steals 3 Rob Monroe 139
0%
Three Pointers Made 2 Rob Monroe 252
0%
Points Per Game 3 Rob Monroe 16.0
0%
Blocks 6 Seth Pinkney 94
0%
Steals 7 Tyrese Williams 105
0%
Three Pointers Made 3 Tyrese Williams 244
0%
Games 3 Tyrese Williams 135
0%
Three Pointers Made 8 Van Crafton 185
0%
Blocks 10 Victor Akinyanju 67
0%
Points 4 Zaid Hearst 1,610
0%
Rebounds 6 Zaid Hearst 628
0%
Assists 10 Zaid Hearst 224
0%
Field Goal Percent 8 Zaid Hearst 43.2%
0%
Points Per Game 9 Zaid Hearst 12.9
0%
Games 6 Zaid Hearst 125
0%
No matching quizzes found
Score Distribution
Percent of People with Each Score
Percentile by Number Answered
Your Score History
You have not taken this quiz since the last reset